| 000 | 00939nam a2200205 a 4500 | ||
|---|---|---|---|
| 001 | 000272279 | ||
| 003 | AM-YeHGA | ||
| 005 | 20250617162431.0 | ||
| 008 | 031015s1958 ||| |||||||||||||rus d | ||
| 040 | _aAM-YeHGA | ||
| 041 | 0 | _arus | |
| 100 | 1 | _aРощин, Сергей Константинович | |
| 245 | 1 | 0 |
_aСоциалистический уклад в экономике Монгольской Народной Республике / _cС.К. Рощин ; Отв. ред. А.М. Печников ; АН СССР. Ин-т востоковедения. |
| 260 |
_aМосква : _bИзд-во вост. лит., _c1958. |
||
| 300 | _a157 с. | ||
| 650 | 1 | 4 | _aРаспределение, сохранение и потребление материальных благ |
| 700 | 1 |
_aПечников, А.М. _eотв. ред. _4edt |
|
| 710 | 0 | _aИнститут востоковедения АН СССР | |
| 090 | _c492809 | ||
| 999 |
_c489438 _d489438 |
||